000 00574nam a2200181Ia 4500
005 20250923145109.0
008 008 250917s9999 xx 000 0 eng d
037 _aTextual
040 _aDSWL
_beng
_cDSWL
041 _aeng
_2eng
084 _aY2:20l.O6X, K6
_qDSWL
245 0 _aRanging pattern of family in India
_cEd.by P.D. Devanandan
260 _aBanglore
_bIndian Institute for the study of religion & society
_c1966
300 _axvii,312 p.
700 _aM.M. Thomas
_9831756
942 _cTEXL
_hY2:20l.O6X, K6
999 _c1447033
_d1447033